书目信息 |
| 题名: |
长寿药粥谱
|
|
| 作者: | 王水 著 | |
| 分册: | ||
| 出版信息: | 天津 天津科学技术出版社 1982 |
|
| 页数: | 130页 | |
| 开本: | 19cm | |
| 丛书名: | ||
| 单 册: | ||
| 中图分类: | R247.1 | |
| 科图分类: | ||
| 主题词: | 中医学:临床医学 | |
| 电子资源: | ||
| ISBN: | ||
| 000 | 00602nam0 2200229 45 | |
| 001 | 0182005801 | |
| 005 | 20060430094643.00 | |
| 010 | @dCNY0.70 | |
| 091 | @a142.69 | |
| 100 | @a19950531d1982 em y0chiy0121 ea | |
| 101 | 0 | @achi |
| 102 | @aCN@b120000 | |
| 105 | @ay z 000yy | |
| 200 | 10 | @a长寿药粥谱@Achang shou yao zhou pu@f王水著@Fwang shui zhu |
| 210 | @a天津@c天津科学技术出版社@d1982 | |
| 215 | @a130页@d19cm | |
| 606 | 0 | @a中医学:临床医学 |
| 690 | @aR247.1@v4 | |
| 701 | 0 | @a王水@Awang shui@4著 |
| 801 | 2 | @aCN@bNLC@c20060430 |
| 801 | 0 | @aCN@b上海图书馆@c20040520 |
| 905 | @dR247.1@e11 | |
| 长寿药粥谱/王水著.-天津:天津科学技术出版社,1982 |
| 130页;19cm |
| ISBN :CNY0.70 |
| ● |
| 相关链接 |
|
|
|
|
正题名:长寿药粥谱
索取号:R247.1/11
 
预约/预借
| 序号 | 登录号 | 条形码 | 馆藏地/架位号 | 状态 | 备注 |
| 1 | 0093483 | 000710920 | 第二样本阅览室/ [索取号:R247.1/11] | 在馆 | |
| 2 | 0237171 | 202328436 | 密集书库/ [索取号:R247.1/11] | 在馆 | |
| 3 | 0237172 | 000711849 | 密集书库/ [索取号:R247.1/11] | 在馆 | |
| 4 | 0237173 | 000711812 | 密集书库/ [索取号:R247.1/11] | 在馆 |